| 000 | 00751nam a2200193 a 4500 | ||
|---|---|---|---|
| 001 | 000400267 | ||
| 003 | AM-YeHGA | ||
| 005 | 20250617132454.0 | ||
| 008 | 041223s1939 ai 000 | arm d | ||
| 040 | _aAM-YeHGA | ||
| 041 | 0 | _aarm | |
| 245 | 0 | 0 |
_aՊիոներ դպրոցականների հանրապետական վեցերորդ շախմատային տուրնիր : _bՀունվար 1940 թ. / _cՀայկ. ԽՍՀ Լուսժողկոմատ ; Խմբ.՝ Ա. Մալխասյան. |
| 260 |
_aՅերևան : _bԽորհրդային Հայաստան, _c1939. |
||
| 300 |
_a19 էջ ; _c17 սմ. |
||
| 650 | 1 | 4 |
_aՍպորտ _xՇախմատ |
| 700 | 1 |
_aՄալխասյան, Ա. _eխմբ. _4edt |
|
| 710 | 2 | _aԼուսժողկոմատ ՀԽՍՀ | |
| 090 | _c152920 | ||
| 999 |
_c151527 _d151527 |
||